| 000 | 00357nam a2200133Ia 4500 | ||
|---|---|---|---|
| 008 | 240624s9999 xx 000 0 und d | ||
| 041 | _aeng | ||
| 082 | _a332.11094709049 GAB | ||
| 100 | _aGABOR DANIELA | ||
| 245 | _aCENTRAL BANKING AND FINANCIALIZATION A R | ||
| 260 |
_c2011 _aNew York _bPan Macmillan |
||
| 300 | _axi, 254 p.; 23 cm. | ||
| 365 |
_cERU _b38 |
||
| 999 |
_c30480 _d30480 |
||